Most Populated Countries Containing V, W, or X - Statistics

General Stats
  • This quiz has been taken 333 times
    331 since last reset
  • The average score is 10 of 20
Answer Stats
Population Country % Correct
30 mil Venezuela
91%
90 mil Vietnam
90%
121 mil Mexico
86%
9 mil Sweden
67%
8 mil Switzerland
64%
4 mil New Zealand
58%
5 mil Slovakia
52%
11 mil Rwanda
49%
13 mil Zimbabwe
49%
5 mil Norway
47%
16 mil Malawi
44%
11 mil Bolivia
43%
1 mil Latvia
42%
23 mil Taiwan
38%
8 mil Papua New Guinea
35%
22 mil Côte d’Ivoire
34%
3 mil Moldova
34%
4 mil Kuwait
33%
3 mil Bosnia and Herzegovina
31%
6 mil El Salvador
24%
No matching quizzes found
Score Distribution
Percent of People with Each Score
Percentile by Number Answered
Your Score History
You have not taken this quiz since the last reset